000 00667nam a22002177a 4500
005 20140616125500.0
010 _aENG-110119
020 _a9789325968981
_c460.00
035 _aEN-93652
037 _bDBAD/PUB
082 _a621.312134
100 _aDandekar, M.M.
245 _aWater power engineering /
_cby M.M. Dandekar [and] K.N. Sharma
250 _a2nd ed
260 _aNoida
_bVikas Publishing House
_c2013
270 _aE-28, Sector-8, Noida
_bNoida
_e201301
300 _axiv,610p. :
_c24cm(pbk)
_bill
500 _aIncludes bibliographical references and index
700 _aSharma, K.N.
942 _2ddc
_cEN
_mDAN
_h621.312134
999 _c84986
_d84986